000 02824nam0a2200409 i 4500
001 RU\NLR\BIBL_A\010456278
005 20260407090019.0
010 _a9785502002905
_9100
021 _aRU
_b2014-46742
_92832
035 _a(NILC)RuMoRGB-007512931
035 _a(NLR Aleph) 010456278
090 _a9952747
_c9952747
100 _a20140901d2014 u y0rusy50 ca
101 0 _arus
102 _aRU
105 _aa j 000yc
200 1 _aМашины для разработки льда, снега и мерзлого грунта
_eучебное пособие для студентов вузов, обучающихся по направлению подготовки бакалавров "Наземные транспортно-технологические комплексы" (профиль подготовки "Подъемно-транспортные, строительные, дорожные машины и оборудование")
_fМ-во образования и науки Рос. Федерации, Федер. гос. бюджет. образоват. учреждение высш. проф. образования "Нижегородский гос. техн. ун-т им. Р.Е. Алексеева
_g[Вахидов У.Ш. и др.]
210 _aНижний Новгород
_cНижегородский государственный технический университет
_d2014
215 _a155 с.
_cил.
_d21
300 _aСост. указан на обороте тит. л.
320 _aБиблиогр.: с. 155 и в конце гл.
606 _aЛедорезные машины
_jУчебные издания для высших учебных заведений
_91441521
_3RU\NLR\AUTH\66610037
606 _aСнегоуборочные машины
_jУчебные издания для высших учебных заведений
_91120570
_3RU\NLR\AUTH\66443922
606 _aМерзлые грунты
_jУчебные издания для высших учебных заведений
_xРазработка
_xМеханизация
_91149135
_3RU\NLR\AUTH\66140134
610 0 _aразработка льда на водоёмах
610 0 _aтранспортные операции на льдах
686 1 _aН623.093-5я73-1
686 1 _aО411.2-082.092-5я73-1
686 1 _aО311-082.092-5я73-1
702 1 _aВахидов
_bУ. Ш.
_gУмар Шахидович
_4220
712 0 2 _4570
_aНижегородский государственный технический университет им. Р. Е. Алексеева
_3RU\NLR\AUTH\8813523
_9300053
801 0 _aRU
_bРГБ
_c20140630
_gRCR
801 1 _aRU
_bРГБ
_c20140630
_2rusmarc
942 _cBOOK
980 _aNBR